000 00394cam a2200181ua 4500
020 _c2.00
041 _ahin
_h
082 _a891.54
_bABB/PY
100 _aAbbas, Kwaja Ahmad .
245 _aPyar ki pukar
260 _a :
_bHind Pocket Books Pvt Ltd ,
_c1963.
300 _a112 ; .
365 _a2.00
504 _a
942 _cBK
999 _c4096
_d4096